FIFA World Cup Best Player - Statistics

General Stats
  • This quiz has been taken 145 times
    86 since last reset
  • The average score is 13 of 20
Answer Stats
Year Nation Player % Correct
2014 Argentina Lionel Messi
100%
1970 Brazil Pelé
97%
2018 Croatia Luka Modrić
96%
1998 Brazil Ronaldo
96%
1986 Argentina Diego Maradona
94%
2006 France Zinedine Zidane
90%
2010 Uruguay Diego Forlán
80%
1974 Netherlands Johan Cruyff
76%
1966 England Bobby Charlton
75%
1954 Hungary Ferenc Puskás
72%
2002 Germany Oliver Kahn
72%
1994 Brazil Romário
72%
1982 Italy Paolo Rossi
59%
1962 Brazil Garrincha
58%
1978 Argentina Mario Kempes
48%
1958 Brazil Didi
24%
1938 Brazil Leônidas
17%
1990 Italy Salvatore Schillaci
17%
1934 Italy Giuseppe Meazza
15%
1950 Brazil Zizinho
14%
No matching quizzes found
Score Distribution
Percent of People with Each Score
Percentile by Number Answered
Your Score History
You have not taken this quiz since the last reset